Detalles MARC
| 000 -Cabecera |
| Campo de control de longitud fija |
01031ata a2200409 4500 |
| 005 - Fecha y hora de la última transacción |
| Campo de control |
20240524192044.0 |
| 008 - Elementos de longitud fija--Información general |
| Campo de control de longitud fija |
150514b2007 xxu||||| |||| 00| 0 spa d |
| 020 ## - International Standard Book Number |
| Número Internacional Estándar del Libro (ISBN) |
8482592882 |
| 041 ## - Idioma |
| Código de idioma |
Español |
| 082 ## - Clasificación Decimal Dewey |
| Número de clasificación |
577 C569c |
| 245 ## - Título propiamente dicho |
| Título |
Ciencias medioambientales |
| 260 ## - Pie de imprenta |
| Lugar de publicación, distribución, etc. |
España |
| 260 ## - Pie de imprenta |
| Nombre del editor, distribuidor, etc. |
Alfanauta |
| 260 ## - Pie de imprenta |
| Fecha de publicación, distribución, etc. |
2007 |
| 300 ## - Descripción física |
| Extensión |
246 páginas |
| 650 ## - Materia general |
| Temática (materia general) |
ECOLOGÍA |
| 650 ## - Materia general |
| Temática (materia general) |
CIENCIAS AMBIENTALES |
| 650 ## - Materia general |
| Temática (materia general) |
BIOSFERA |
| 650 ## - Materia general |
| Temática (materia general) |
BIOGEOGRAFÍA |
| 650 ## - Materia general |
| Temática (materia general) |
ECOSISTEMAS |
| 650 ## - Materia general |
| Temática (materia general) |
EDUCACIÓN FÍSICA |
| 650 ## - Materia general |
| Temática (materia general) |
ZONAS CLIMÁTICAS |
| 650 ## - Materia general |
| Temática (materia general) |
ECOLOGÍA TRÓPICA |
| 650 ## - Materia general |
| Temática (materia general) |
CICLOS DE LA MATERIA |
| 650 ## - Materia general |
| Temática (materia general) |
IMPACTO AMBIENTAL |
| 650 ## - Materia general |
| Temática (materia general) |
JUEGOS Y DEPORTES |
| 650 ## - Materia general |
| Temática (materia general) |
METEOROLOGÍA |
| 650 ## - Materia general |
| Temática (materia general) |
HIGIENE Y SALUD |
| 650 ## - Materia general |
| Temática (materia general) |
ALIMENTACIÓN |
| 650 ## - Materia general |
| Temática (materia general) |
ACTIVIDAD FÍSICA |
| 650 ## - Materia general |
| Temática (materia general) |
EXPRESIÓN CORPORAL |
| 650 ## - Materia general |
| Temática (materia general) |
DEPORTES COLECTIVOS |
| 650 ## - Materia general |
| Temática (materia general) |
HIGIENE PERSONAL |
| 650 ## - Materia general |
| Temática (materia general) |
RELACIONES SEXUALES |
| 650 ## - Materia general |
| Temática (materia general) |
PRIMEROS AUXILIOS |
| 942 ## - Punto de acceso adicional KOHA |
| Tipo de ítem KOHA |
Libro |
| Fuente del sistema de clasificación o colocación |
Dewey Decimal Classification |